000 00598nam a2200193Ia 4500
005 20250326144833.0
008 250326s9999 xx 000 0 und d
020 _a0-470-87030-3
037 _aTextbook
040 _aFMSL
_beng
_cFMSL
041 _aeng
_2eng
084 _aX:74 P5
_qFMSL
100 _aKeasey Kevin
245 0 _aCorporate goverce: accountability, enterprise and international comparisons
_cKeasey Kevin; Thompson Steve And Others
260 _aNew Delhi
_bNew Delhi, John Wiley
_c2005
300 _axviii,464
942 _cTB
_hX:74 P5
999 _c1305256
_d1305256